|
|
|
|
| LEADER |
00000ny a22000003n 4500 |
| 005 |
20110617140513.0 |
| 008 |
091007s2009 mx 000 0 spa d |
| 020 |
|
|
|a 9786074400427
|
| 035 |
|
|
|a 3253
|
| 040 |
|
|
|a BUS
|d vLex
|
| 090 |
|
|
|c 832
|d 832
|
| 245 |
0 |
0 |
|a Manual de contratos y formatos laborales
|h [Recurso electrn̤ico]
|
| 256 |
|
|
|a Servicio en ln̕ea
|
| 260 |
|
|
|a [Mx̌ico] :
|b Tax Editores,
|c 2009
|
| 300 |
|
|
|a p. ;
|c cm
|
| 506 |
1 |
|
|a Contenido solo disponible en los productos indicados
|d vLex Global
|d vLex Global (Academic Edition, excluding Law Schools)
|d vLex Global (U.S. Academic Edition, Law Schools)
|d vLex Global (U.S. Academic Edition, excluding Law Schools)
|d vLex Global (Academic Edition, Law Schools)
|
| 650 |
0 |
4 |
|a Contratos
|z Mx̌ico
|
| 740 |
0 |
|
|a vLex Libros (Servicios en ln̕ea)
|
| 856 |
4 |
0 |
|u http://vlex.com/source/3253
|z Acceso restringido
|
| 942 |
|
|
|c BOOK
|
| 999 |
0 |
|
|a Contracts
|b Mx̌ico
|